Central Library OPAC University of Rajshahi

The palms of British India and Ceylon / (Record no. 13201)

MARC details
000 -LEADER
fixed length control field 00874nam a2200265 i 4500
001 - CONTROL NUMBER
control field 13201
003 - CONTROL NUMBER IDENTIFIER
rucl marc code BD-RjUL
005 - DATE AND TIME OF LATEST TRANSACTION
control field 20211208235423.0
008 - FIXED-LENGTH DATA ELEMENTS--GENERAL INFORMATION
fixed length control field 140130r19781926ii abf b 001 0 eng
035 ## - SYSTEM CONTROL NUMBER
System control number (BD-RjUL)13252
040 ## - CATALOGING SOURCE
Original cataloging agency DLC
Transcribing agency DLC
Modifying agency DLC
-- BD-RjUL
Language of cataloging eng
041 ## - LANGUAGE CODE
Language code of text/sound track or separate title eng
082 00 - DEWEY DECIMAL CLASSIFICATION NUMBER
Classification number 584.50954
Author mark and year BLP 1978
100 1# - MAIN ENTRY--PERSONAL NAME
Personal name Blatter, Ethelbert.
Dates associated with a name 1877-1934.
9 (RLIN) 41114
245 14 - TITLE STATEMENT
Title The palms of British India and Ceylon /
Statement of responsibility, etc. by Ethel Berl Blatter.
260 ## - PUBLICATION, DISTRIBUTION, ETC. (IMPRINT)
Place of publication, distribution, etc. Delhi :
Name of publisher, distributor, etc. Periodical Experts Book Agency,
Date of publication, distribution, etc. 1978.
300 ## - PHYSICAL DESCRIPTION
Pagination xxviii, 600 p., [1] :
Illustrations ill. ;
Size 25 cm.
500 ## - GENERAL NOTE
General note Reprint of the 1926 ed. published by Oxford University Press, London.
504 ## - BIBLIOGRAPHY, ETC. NOTE
Bibliography, etc Includes bibliographical references and index.
650 #0 - SUBJECT ADDED ENTRY--TOPICAL TERM
Topical term or geographic name as entry element Palms
Geographic subdivision India.
9 (RLIN) 41115
Topical term or geographic name as entry element Palms
Geographic subdivision Sri Lanka.
9 (RLIN) 41116
942 ## - ADDED ENTRY ELEMENTS (KOHA)
Source of classification or shelving scheme Dewey Decimal Classification
Koha item type Books
Holdings
Lost status Source of classification or shelving scheme Damaged status Not for loan Collection code Permanent Location Current Location Shelving location Date acquired Source of acquisition Cost, normal purchase price Total Checkouts Full call number Date last seen Copy number Koha item type
  Dewey Decimal Classification   Not For Loan Non-fiction Central Library, University of Rajshahi Central Library, University of Rajshahi Reading Room 15/07/1986 karim Internation 275.00   584.50954 BLP 1978 30/01/2014 C-1 Books